[Event "GER-chT U16"]
[Site "Bingen"]
[Date "2008.12.30"]
[Round "7.3"]
[White "Michel, Pascal"]
[Black "Barth, Stefan"]
[Result "1/2-1/2"]
[WhiteElo "1390"]
[BlackElo "1532"]
[PlyCount "86"]
[EventDate "2008.12.27"]
[EventType "team-swiss"]
[EventRounds "7"]
[EventCountry "GER"]
[SourceTitle "EXT 2010"]
[Source "ChessBase"]
[SourceDate "2010.11.25"]
[SourceVersion "1"]
[SourceVersionDate "2010.11.25"]
[SourceQuality "1"]
[WhiteTeam "Gau Algesheim U16"]
[BlackTeam "Graefelfing SK U16"]
[WhiteTeamCountry "GER"]
[BlackTeamCountry "GER"]

1. d4 d5 2. c4 e6 3. Nc3 Nf6 4. Bg5 Nbd7 5. e3 c6 6. Nf3 Qa5 7. Bd3 Bb4 8. Qb3 dxc4 9. Qxc4 Nd5 10. Rc1 N7b6 11. Qb3 Na4 12. Kd2 Nxb2 13. Qxb2 Bxc3+ 14. Rxc3 Nxc3 15. Qxc3 Qxa2+ 16. Qc2 Qxc2+ 17. Kxc2 Bd7 18. Rb1 b5 19. Bf4 Ke7 20. Nd2 a5 21. Nb3 a4 22. Nc5 Rhc8 23. f3 h6 24. Bg3 Ra5 25. Be1 Ra7 26. Bb4 Kd8 27. Ne4 f6 28. Bf8 f5 29. Nc5 Rb8 30. Kc3 Bc8 31. Bd6 Rb6 32. Bc2 b4+ 33. Rxb4 Rxb4 34. Kxb4 a3 35. Nb3 a2 36. Na1 Kd7 37. Bc5 Ra8 38. Kc3 Ba6 39. Bb3 Bb5 40. Kb2 Bf1 41. g3 Be2 42. f4 Bf3 43. Bxa2 Bd5 1/2-1/2

[Event "GER-chT U16"]
[Site "Bingen"]
[Date "2008.12.29"]
[Round "6.3"]
[White "Schiffner, Alexander"]
[Black "Michel, Pascal"]
[Result "1/2-1/2"]
[WhiteElo "1689"]
[BlackElo "1390"]
[PlyCount "108"]
[EventDate "2008.12.27"]
[EventType "team-swiss"]
[EventRounds "7"]
[EventCountry "GER"]
[SourceTitle "EXT 2010"]
[Source "ChessBase"]
[SourceDate "2010.11.25"]
[SourceVersion "1"]
[SourceVersionDate "2010.11.25"]
[SourceQuality "1"]
[WhiteTeam "Magdeburg Aufbau Elbe U16"]
[BlackTeam "Gau Algesheim U16"]
[WhiteTeamCountry "GER"]
[BlackTeamCountry "GER"]

1. e4 e6 2. d4 d5 3. e5 c5 4. c3 Nc6 5. Nf3 Qb6 6. Be2 Nge7 7. Na3 Nf5 8. Nc2 cxd4 9. cxd4 Bd7 10. 0-0 Rc8 11. a3 Na5 12. b4 Nc4 13. Bxc4 dxc4 14. Ne3 Nxe3 15. Bxe3 Qc6 16. Qc2 Be7 17. Qc3 b5 18. Rfc1 Qc7 19. Qe1 Bc6 20. Ng5 Qd8 21. Nh3 Be4 22. Rc3 Bf5 23. Nf4 Bg5 24. Nh5 Bxe3 25. Nxg7+ Kf8 26. Nxf5 Bxf2+ 27. Qxf2 exf5 28. Rd1 Qd5 29. Qxf5 Re8 30. Rf3 Rg8 31. Rd2 Rg7 32. Kh1 Qe6 33. Qe4 Qg6 34. Qe2 Qe6 35. h3 Rg6 36. Qe4 Kg8 37. Qf5 Qxf5 38. Rxf5 Rg3 39. e6 Rxe6 40. Rxb5 Rd3 41. Rc2 Rc6 42. Rc5 Rd6 43. R2xc4 Rxa3 44. Rg5+ Rg6 45. Rxg6+ hxg6 46. b5 Rb3 47. Rc5 Kf8 48. Kg1 Ke7 49. Kf2 Kd6 50. Ke2 Rb2+ 51. Kf3 Rd2 52. Rc6+ Kd7 53. Rc4 Kd6 54. g3 Rd3+ 1/2-1/2

[Event "GER-chT U16"]
[Site "Bingen"]
[Date "2008.12.28"]
[Round "3.3"]
[White "Michel, Pascal"]
[Black "Krause, Johann"]
[Result "1-0"]
[WhiteElo "1390"]
[BlackElo "1463"]
[PlyCount "101"]
[EventDate "2008.12.27"]
[EventType "team-swiss"]
[EventRounds "7"]
[EventCountry "GER"]
[SourceTitle "EXT 2010"]
[Source "ChessBase"]
[SourceDate "2010.11.25"]
[SourceVersion "1"]
[SourceVersionDate "2010.11.25"]
[SourceQuality "1"]
[WhiteTeam "Gau Algesheim U16"]
[BlackTeam "Porz SG U16"]
[WhiteTeamCountry "GER"]
[BlackTeamCountry "GER"]

1. d4 c6 2. c4 Nf6 3. Nc3 d5 4. Bg5 e6 5. e3 h6 6. Bh4 g5 7. Bg3 Bd6 8. Nf3 Nh5 9. Bxd6 Qxd6 10. c5 Qe7 11. Ne5 Ng7 12. Bd3 Nd7 13. Nf3 e5 14. Be2 f5 15. b4 e4 16. Nd2 a6 17. a4 Nf6 18. b5 Qc7 19. Rb1 Ne6 20. bxc6 bxc6 21. Qb3 Nd7 22. Qa3 0-0 23. a5 Rf6 24. Nb3 g4 25. g3 h5 26. Na4 Nef8 27. Nb6 Ra7 28. Nc1 Nb8 29. Rb4 Nfd7 30. Na2 h4 31. Nc3 Rb7 32. Nca4 Rf7 33. Nxc8 Qxc8 34. Nb6 Qd8 35. Qb2 Qc7 36. Kd2 Ra7 37. Rb1 Kg7 38. Kc2 Nf6 39. Nxd5 Nxd5 40. Rxb8 Qxa5 41. Bc4 hxg3 42. hxg3 Rfd7 43. Bxd5 cxd5 44. Rb6 Qa4+ 45. Qb3 Qxb3+ 46. R1xb3 Rac7 47. Rxa6 Kf7 48. Rbb6 Ra7 49. Rf6+ Ke7 50. Rxa7 Rxa7 51. Rxf5 1-0